000 00292nam a22001337a 4500
008 180814b xxu||||| |||| 00| 0 eng d
041 _aeng
080 _a159.9
082 _a159.9
100 _a49
101 _aPSI
245 _aPsychology; A study of a science
_cKoch.S
942 _2udc
_cBK
999 _c47075
_d47075